The pentecostal heritage of Slavic-Americans. (Record no. 17831)

000 -LEADER
fixed length control field 00933nam a22002177a 4500
008 - FIXED-LENGTH DATA ELEMENTS--GENERAL INFORMATION
fixed length control field 110512t xxu||||| |||| 00| 0 eng d
040 ## - CATALOGING SOURCE
Original cataloging agency
050 ## - LIBRARY OF CONGRESS CALL NUMBER
Classification number BX 8765.5 .A45
Item number S56 G6
100 ## - MAIN ENTRY--PERSONAL NAME
Personal name Goroshko, Anton
9 (RLIN) 1167
245 ## - TITLE STATEMENT
Title The pentecostal heritage of Slavic-Americans.
260 ## - PUBLICATION, DISTRIBUTION, ETC. (IMPRINT)
Place of publication, distribution, etc Renton, WA
-- Springfield, MO
Name of publisher, distributor, etc National Slavic District Council
-- Intercultural Ministries Department Assemblies of God US Missions
-- Flower Pentecostal Heritage Center
Date of publication, distribution, etc 2009.
300 ## - PHYSICAL DESCRIPTION
Extent 68 p.
Dimensions 22 cm.
500 ## - GENERAL NOTE
General note Book is written in English and Ukranian.
546 ## - LANGUAGE NOTE
Language note Ukranian
650 ## - SUBJECT ADDED ENTRY--TOPICAL TERM
Topical term or geographic name as entry element Pentecostals.
9 (RLIN) 1168
650 ## - SUBJECT ADDED ENTRY--TOPICAL TERM
Topical term or geographic name as entry element Slavs
Geographic subdivision North America.
9 (RLIN) 1172
650 ## - SUBJECT ADDED ENTRY--TOPICAL TERM
Topical term or geographic name as entry element North America
Topical term following geographic name as entry element Church history.
9 (RLIN) 1173
650 ## - SUBJECT ADDED ENTRY--TOPICAL TERM
Topical term or geographic name as entry element Pentecostalism
General subdivision History
Chronological subdivision 20th century.
9 (RLIN) 1174
942 ## - ADDED ENTRY ELEMENTS (KOHA)
Source of classification or shelving scheme
Item type Books
Copies
Koha item type Barcode Lost status Withdrawn status Source of classification or shelving scheme Shelving location Current location Full call number Not for loan Price effective from Copy number Date acquired Damaged status Permanent location Date last seen
Books21980   General StacksRHEMA Bible Training CollegeBX 8765.5 .A45 S56 G6 2011-05-1312011-05-13 RHEMA Bible Training College2011-09-06